[Event "WYCC 2018 G18"]
[Site "Halkidiki"]
[Date "2018.10.21"]
[Round "2"]
[White "Simic, Anja"]
[Black "Golsta, Madara"]
[Result "1/2-1/2"]
[WhiteElo "1813"]
[BlackElo "1938"]
[Annotator "NA"]
[PlyCount "89"]
[EventDate "2018.10.20"]
[EventType "swiss"]
[EventCountry "GRE"]
[SourceTitle "playchess.com"]
[Source "ChessBase"]
[SourceQuality "1"]
[TimeControl "40/5400+30:1800+30"]

1. d4 {[%emt 0:00:00]} Nf6 {[%emt 0:00:11]} 2. c4 {[%emt 0:00:00]} g6 {[%emt 0:00:20]} 3. Nc3 {[%emt 0:00:19]} Bg7 {[%emt 0:00:36]} 4. e4 {[%emt 0:00:36]} d6 {[%emt 0:00:45]} 5. Nf3 {[%emt 0:00:26]} O-O {[%emt 0:01:13]} 6. Be2 {[%emt 0:00:29]} Na6 {[%emt 0:00:53]} 7. O-O {[%emt 0:02:15]} e5 {[%emt 0:01:18]} 8. d5 {[%emt 0:08:25]} Nc5 {[%emt 0:00:32] LiveBook: 612 Games} 9. Qc2 {[%emt 0:06:00]} a5 {[%emt 0:01:33]} 10. b3 {[%emt 0:06:35]} h6 {[%emt 0:07:26]} 11. Bb2 {[%emt 0:08:03]} Nh5 {[%emt 0:02:31]} 12. a3 {[%emt 0:12:06]} a4 {[%emt 0:06:46]} 13. Nxa4 {[%emt 0:13:08]} Nxa4 {[%emt 0:00:23]} 14. bxa4 {[%emt 0:00:09]} Nf4 {[%emt 0:03:44]} 15. Rfe1 {[%emt 0:11:31]} f5 {[%emt 0:08:17]} 16. Bd3 {[%emt 0:12:36]} Rxa4 {[%emt 0:11:46]} 17. Qxa4 {[%emt 0:10:02]} Nxd3 {[%emt 0:00:11]} 18. Qc2 {[%emt 0:01:49]} Nxe1 {[%emt 0:11:05]} 19. Rxe1 {[%emt 0:00:17]} b6 {[%emt 0:04:53]} 20. Ra1 {[%emt 0:02:52]} Qe8 {[%emt 0:03:57]} 21. a4 {[%emt 0:00:37]} fxe4 {[%emt 0:06:39]} 22. Qxe4 {[%emt 0:00:35]} Rf4 {[%emt 0:00:17]} 23. Qc2 {[%emt 0:01:26]} Qf7 {[%emt 0:00:53]} 24. Bc1 {[%emt 0:01:06]} e4 {[%emt 0:08:08]} 25. Bxf4 {[%emt 0:00:19]} Qxf4 {[%emt 0:03:05]} 26. Re1 {[%emt 0:00:22]} Bf5 {[%emt 0:03:30]} 27. Nd2 {[%emt 0:00:44]} e3 {[%emt 0:00:17]} 28. fxe3 {[%emt 0:00:10]} Qxh2+ {[%emt 0:09:56]} 29. Kxh2 {[%emt 0:00:41]} Bxc2 {[%emt 0:00:31]} 30. Nf3 Bxa4 31. Kg3 {[%emt 0:01:16]} Kf7 {[%emt 0:02:43]} 32. Rf1 {[%emt 0:00:27]} Ke7 {[%emt 0:00:12]} 33. Nh4 {[%emt 0:00:29]} Be5+ {[%emt 0:00:30]} 34. Kf3 {[%emt 0:00:25]} Be8 {[%emt 0:00:39]} 35. Ke4 Bf6 36. g3 {[%emt 0:00:54]} Be5 {[%emt 0:00:49]} 37. Kf3 {[%emt 0:00:28]} Kf7 {[%emt 0:01:14]} 38. Ke4+ {[%emt 0:00:21]} Kg7 {[%emt 0:00:23]} 39. Kf3 {[%emt 0:00:36]} Bd7 {[%emt 0:00:19]} 40. g4 {[%emt 0:00:00]} Bf6 {[%emt 0:00:00]} 41. Kg3 {[%emt 0:11:05]} ({Better is} 41. Ng2 $16) 41... Be5+ $1 {[%emt 0:01:21]} 42. Kf3 {[%emt 0:00:14]} Bf6 {[%emt 0:00:07]} 43. Kg3 {[%emt 0:01:50]} Be5+ {[%emt 0:00:19]} 44. Kf3 {[%emt 0:00:11]} Bf6 {[%emt 0:01:17]} 45. Kg3 $11 {[%emt 0:00:49]} 1/2-1/2

[Event "WYCC 2018 G18"]
[Site "Halkidiki"]
[Date "2018.10.21"]
[Round "2"]
[White "Tonso, Liina"]
[Black "Belluire, Beatrice"]
[Result "1-0"]
[WhiteElo "1805"]
[BlackElo "1931"]
[Annotator "NA"]
[PlyCount "87"]
[EventDate "2018.10.20"]
[EventType "swiss"]
[EventCountry "GRE"]
[SourceTitle "playchess.com"]
[Source "ChessBase"]
[SourceQuality "1"]
[TimeControl "40/5400+30:1800+30"]

1. c4 {[%emt 0:00:00]} c5 {[%emt 0:00:00]} 2. Nc3 {[%emt 0:00:00]} Nc6 {[%emt 0:00:09]} 3. e4 {[%emt 0:01:41]} d6 {[%emt 0:01:13]} 4. Nf3 {[%emt 0:03:43]} Nd4 {[%emt 0:12:11] B30: Sicilian: 2...Nc6 3 Bb5, lines without ...g6} (4... g6 5. d4 cxd4 6. Nxd4 Nf6 7. Be2 Nxd4 8. Qxd4 Bg7 9. Be3 O-O 10. Qd2 Be6 11. Rc1 a5 12. f3 a4 13. Nd5 Bxd5 14. cxd5 a3 15. bxa3 Rxa3 16. Rc2 Qa8 17. O-O Qa4 18. Rc4 Qa8 19. Rc2 Qa4 20. Rc4 Qa8 21. Rc2 {½-½ (21) Murariu,A (2490)-Chirila,I (2485) Bucharest 2009}) 5. Nxd4 {[%emt 0:11:02]} cxd4 {[%emt 0:00:01]} 6. Ne2 {[%emt 0:01:27]} e5 {[%emt 0:02:38]} 7. d3 {[%emt 0:03:11]} Nf6 $146 {[%emt 0:04:46]} ({Predecessor:} 7... Be7 8. Ng3 g6 9. Be2 h5 10. Nf1 Bg5 11. Nd2 Nf6 {½-½ (11) Polacik,I (2168)-Castiglione,M (2240) Slovakia 2013}) 8. g3 {[%emt 0:03:18]} Be6 {[%emt 0:05:53]} 9. Bg2 {[%emt 0:06:14]} Qd7 {[%emt 0:01:30]} 10. O-O {[%emt 0:07:02]} h5 {[%emt 0:05:21]} 11. f4 {[%emt 0:07:34]} Bh3 {[%emt 0:06:56]} 12. f5 {[%emt 0:04:24]} Bxg2 {[%emt 0:00:57]} 13. Kxg2 {[%emt 0:00:12]} h4 {[%emt 0:06:58]} 14. Bd2 {[%emt 0:04:14]} Qc6 {[%emt 0:01:10]} 15. h3 {[%emt 0:08:42]} hxg3 {[%emt 0:05:54]} 16. Nxg3 {[%emt 0:00:34]} Be7 {[%emt 0:01:04]} 17. b4 {[%emt 0:06:02]} b5 {[%emt 0:04:12]} 18. Rc1 {[%emt 0:02:54]} Kd7 {[%emt 0:03:11]} 19. a4 {[%emt 0:05:29]} bxa4 {[%emt 0:01:47]} 20. b5 {[%emt 0:01:11]} Qb7 {[%emt 0:02:03]} 21. Qxa4 {[%emt 0:01:01]} Rhc8 {[%emt 0:09:24]} 22. Ra1 {[%emt 0:02:07]} a6 {[%emt 0:04:37]} 23. b6+ {[%emt 0:09:32]} Rc6 {[%emt 0:00:39]} 24. Ba5 {[%emt 0:01:36]} Bd8 {[%emt 0:01:25]} 25. Rab1 {[%emt 0:01:35]} Ke7 {[%emt 0:00:27]} 26. Rf2 {[%emt 0:02:27]} Rb8 {[%emt 0:00:14]} 27. Rfb2 {[%emt 0:00:37]} Nd7 {[%emt 0:01:12]} 28. Qd1 {[%emt 0:00:59]} Bxb6 {[%emt 0:08:05]} 29. Qg4 {[%emt 0:01:37]} Qc7 {[%emt 0:06:11]} 30. Qxg7 {[%emt 0:02:20]} Rf8 {[%emt 0:00:31]} 31. f6+ {[%emt 0:01:37]} Ke8 {[%emt 0:00:07]} 32. Bxb6 {[%emt 0:00:27]} Rxb6 {[%emt 0:00:07]} 33. Nf5 {[%emt 0:00:29]} Rxb2+ {[%emt 0:00:31]} 34. Rxb2 {[%emt 0:00:03]} Nc5 {[%emt 0:00:12]} 35. Rd2 {[%emt 0:00:49]} Ne6 {[%emt 0:00:53]} 36. Qg4 {[%emt 0:01:16]} Kd7 {[%emt 0:00:29]} 37. Ng7 {[%emt 0:00:10]} Rg8 {[%emt 0:01:35]} 38. Kh2 {[%emt 0:00:15]} Qd8 {[%emt 0:01:32]} 39. Qf5 {[%emt 0:00:29]} Qa5 {[%emt 0:00:47]} 40. Rf2 {[%emt 0:00:00]} Qc3 {[%emt 0:00:00]} 41. Nxe6 {[%emt 0:01:59]} fxe6 {[%emt 0:01:59]} 42. Qh7+ {[%emt 0:00:21]} Kc6 {[%emt 0:00:07]} 43. Qxg8 {[%emt 0:00:30]} Qxd3 {[%emt 0:01:09]} 44. f7 {[%emt 0:00:51] Kd5} 1-0

[Event "WYCC 2018 G18"]
[Site "Halkidiki"]
[Date "2018.10.21"]
[Round "2"]
[White "Martos Amiguet, Valentina"]
[Black "Zairbek kyzy, Begimay"]
[Result "0-1"]
[WhiteElo "1775"]
[BlackElo "1919"]
[Annotator "NA"]
[PlyCount "136"]
[EventDate "2018.10.20"]
[EventType "swiss"]
[EventCountry "GRE"]
[SourceTitle "playchess.com"]
[Source "ChessBase"]
[SourceQuality "1"]
[TimeControl "40/5400+30:1800+30"]

1. d4 {[%emt 0:00:00]} d5 {[%emt 0:00:00]} 2. Bf4 {[%emt 0:00:00]} e6 {[%emt 0:00:00]} 3. e3 {[%emt 0:00:00]} Nf6 {[%emt 0:00:00]} 4. Nf3 {[%emt 0:00:00]} c5 {[%emt 0:00:00] LiveBook: 781 Games} 5. c3 {[%emt 0:00:05]} Qb6 {[%emt 0:00:28]} 6. Qb3 {[%emt 0:00:31]} Nbd7 {[%emt 0:01:34] D02: 1 d4 d5 2 Nf3 sidelines, including 2...Nf6 3 g3 and 2...Nf6 3 Bf4} (6... Be7 7. h3 O-O 8. Nbd2 Nc6 9. Be2 Qa5 10. O-O b6 11. a4 Ba6 12. Qd1 Bxe2 13. Qxe2 c4 14. Rfc1 {1-0 (35) Abasov,N (2622)-Manik,M (2433) Ordu 2018}) 7. Nbd2 {[%emt 0:00:58]} Be7 {[%emt 0:05:17]} 8. Be2 {[%emt 0:01:07]} Nh5 $146 {[%emt 0:02:04]} ({Predecessor:} 8... Qxb3 9. axb3 O-O 10. O-O Ne8 11. Ra2 cxd4 12. exd4 Bd6 13. Bg3 Bxg3 14. fxg3 {½-½ (38) Welz,T (2335)-Biebinger,G (2310) Germany 1994}) 9. Bg3 {[%emt 0:01:44]} Nxg3 {[%emt 0:06:06]} 10. hxg3 {[%emt 0:00:11]} h6 {[%emt 0:01:01]} 11. Qc2 {[%emt 0:01:10]} Bf6 {[%emt 0:01:21]} 12. g4 {[%emt 0:05:20]} g5 {[%emt 0:03:07]} (12... Qd8 $11 {remains equal.}) 13. Nf1 {[%emt 0:15:43]} e5 {[%emt 0:04:08]} 14. Ng3 {[%emt 0:07:34]} cxd4 {[%emt 0:08:24]} 15. exd4 {[%emt 0:01:14]} exd4 {[%emt 0:00:39]} 16. cxd4 {[%emt 0:09:34]} Bxd4 {[%emt 0:04:15]} 17. Nxd4 {[%emt 0:00:05]} Qxd4 {[%emt 0:00:15]} 18. Nf5 {[%emt 0:00:52]} Qf6 {[%emt 0:02:43]} 19. Rc1 {[%emt 0:03:40]} Nb6 {[%emt 0:05:16]} 20. Bb5+ {[%emt 0:05:54]} Kf8 {[%emt 0:01:55]} 21. Qc5+ {[%emt 0:08:28]} Kg8 {[%emt 0:00:26]} 22. Ne7+ {[%emt 0:05:15]} Kg7 {[%emt 0:00:07]} 23. Nxd5 {[%emt 0:07:21]} Nxd5 {[%emt 0:04:19]} 24. Qxd5 {[%emt 0:00:12]} Qxb2 {[%emt 0:01:21]} 25. O-O {[%emt 0:00:39]} Be6 {[%emt 0:01:04]} 26. Qd3 {[%emt 0:06:38]} Rad8 {[%emt 0:02:47]} 27. Rc2 {[%emt 0:01:04]} Qb4 {[%emt 0:07:49]} 28. Qe2 {[%emt 0:01:38]} Qxg4 {[%emt 0:04:56]} 29. Qe5+ {[%emt 0:02:05]} Kg8 {[%emt 0:00:53]} 30. Rc7 {[%emt 0:03:18]} Bd5 {[%emt 0:04:22]} 31. f3 {[%emt 0:01:08]} Qe6 {[%emt 0:01:25]} 32. Qxe6 {[%emt 0:03:07]} fxe6 {[%emt 0:00:14]} 33. a3 {[%emt 0:00:58]} Rh7 {[%emt 0:00:22]} 34. Rfc1 Rf8 35. Bd3 Rxc7 36. Rxc7 Rf7 37. Rc1 Kg7 38. Rb1 Rc7 39. Be4 Bxe4 40. fxe4 Kf6 41. Rb5 b6 42. Rb4 Ke5 43. a4 Rc2 44. a5 bxa5 45. Rb5+ Kxe4 46. Rxa5 {[%emt 0:24:29]} e5 47. Rxa7 Kf4 {[%emt 0:09:40]} 48. Rf7+ {[%emt 0:02:14]} Kg4 {[%emt 0:00:05]} 49. Rf3 {[%emt 0:02:32]} e4 {[%emt 0:00:55]} 50. Rh3 {[%emt 0:04:10]} h5 {[%emt 0:00:49]} 51. Kh2 {[%emt 0:05:10]} h4 {[%emt 0:00:39]} 52. Ra3 {[%emt 0:00:42]} Rd2 {[%emt 0:00:39]} 53. Ra4 {[%emt 0:01:14]} Re2 {[%emt 0:00:25]} 54. Rb4 {[%emt 0:01:37]} h3 {[%emt 0:00:20]} 55. Rb3 {[%emt 0:04:08]} Rxg2+ {[%emt 0:00:55]} 56. Kh1 {[%emt 0:00:24]} Re2 {[%emt 0:00:08]} 57. Rb1 {[%emt 0:01:29]} Kf3 {[%emt 0:00:46]} 58. Rg1 {[%emt 0:00:47]} g4 59. Rf1+ Rf2 60. Rg1 g3 61. Re1 g2+ 62. Kh2 Rf1 63. Rxf1+ gxf1=B {[%emt 0:04:12]} 64. Kg1 {[%emt 0:04:10]} Bg2 {[%emt 0:00:04]} 65. Kh2 {[%emt 0:00:11]} e3 {[%emt 0:00:07]} 66. Kg1 {[%emt 0:00:15]} e2 {[%emt 0:00:06]} 67. Kh2 Kg4 68. Kg1 {[%emt 0:00:26]} e1=Q+ {[%emt 0:00:13]} 0-1

[Event "WYCC 2018 G18"]
[Site "Halkidiki"]
[Date "2018.10.21"]
[Round "2"]
[White "Abeysinghe, H M H Janandani"]
[Black "Gillis Onieva, Celia"]
[Result "1/2-1/2"]
[WhiteElo "1698"]
[BlackElo "1892"]
[Annotator "NA"]
[PlyCount "185"]
[EventDate "2018.10.20"]
[EventType "swiss"]
[EventCountry "GRE"]
[SourceTitle "playchess.com"]
[Source "ChessBase"]
[SourceQuality "1"]
[TimeControl "40/5400+30:1800+30"]

1. e4 {[%emt 0:00:00]} e6 {[%emt 0:00:00]} 2. d4 {[%emt 0:00:05]} d5 {[%emt 0:00:00]} 3. Nc3 {[%emt 0:00:04]} Nf6 {[%emt 0:00:00]} 4. Bg5 {[%emt 0:00:20]} Be7 {[%emt 0:00:08]} 5. e5 {[%emt 0:00:17]} Nfd7 {[%emt 0:00:07]} 6. Bxe7 {[%emt 0:00:39]} Qxe7 {[%emt 0:00:06]} 7. f4 {[%emt 0:00:31]} a6 {[%emt 0:01:11]} 8. Nf3 {[%emt 0:00:29]} c5 {[%emt 0:02:05]} 9. dxc5 {[%emt 0:01:29]} Nc6 {[%emt 0:03:08]} 10. Qd2 {[%emt 0:01:08]} Nxc5 {[%emt 0:03:09]} 11. Bd3 {[%emt 0:00:42]} O-O {[%emt 0:04:19] C14: French: Classical System: 4 Bg5 Be7 main line} 12. a3 {[%emt 0:01:48]} (12. O-O f5 13. exf6 Qxf6 14. g3 Bd7 15. Rae1 Rad8 16. Qf2 b6 17. Ng5 Nxd3 18. cxd3 {½-½ (117) Warakomski,T (2505)-Socko,B (2588) Poland 2018}) 12... b5 {[%emt 0:01:48]} 13. O-O {[%emt 0:02:17]} Bb7 {[%emt 0:04:32]} 14. Rfe1 $146 {[%emt 0:01:19]} ({Predecessor:} 14. b4 Nxd3 15. cxd3 a5 16. Nxb5 axb4 17. axb4 Qxb4 18. Nd6 Qxd2 19. Nxd2 Ba6 20. Rfc1 {½-½ (30) Gramstad,R (2200)-Kozlov,A (2288) ICCF email 2006}) 14... f6 {[%emt 0:10:24]} 15. f5 {[%emt 0:08:56]} Nxd3 {[%emt 0:16:02]} 16. Qxd3 {[%emt 0:01:18]} fxe5 {[%emt 0:06:03]} 17. Nxe5 {[%emt 0:04:24]} Qc5+ {[%emt 0:00:59]} 18. Kh1 {[%emt 0:03:51]} Rxf5 {[%emt 0:00:22]} 19. Nf3 {[%emt 0:02:26]} b4 {[%emt 0:14:44]} 20. Rxe6 {[%emt 0:18:09]} Rxf3 {[%emt 0:02:22]} 21. gxf3 {[%emt 0:01:05]} bxc3 {[%emt 0:03:59]} 22. bxc3 {[%emt 0:00:24]} d4 {[%emt 0:09:05]} 23. Rb1 {[%emt 0:09:08]} Ne5 {[%emt 0:10:58]} 24. Rxe5 {[%emt 0:02:43]} Qxe5 {[%emt 0:00:08]} 25. Rxb7 {[%emt 0:01:07]} dxc3 {[%emt 0:00:50]} 26. Qc4+ {[%emt 0:01:06]} Kh8 {[%emt 0:00:04]} 27. Qe4 {[%emt 0:10:45]} Qg5 {[%emt 0:02:50]} 28. Re7 {[%emt 0:08:07]} Qc1+ {[%emt 0:01:32]} 29. Qe1 {[%emt 0:02:51]} Qxe1+ {[%emt 0:00:04]} 30. Rxe1 {[%emt 0:00:06]} g6 {[%emt 0:01:49]} 31. Re3 {[%emt 0:00:25]} Rc8 {[%emt 0:00:29]} 32. Kg2 {[%emt 0:00:05]} Kg7 {[%emt 0:00:13]} 33. Rd3 {[%emt 0:00:59]} Kf6 {[%emt 0:00:46]} 34. h4 {[%emt 0:02:19]} Kf5 {[%emt 0:00:30]} 35. Kf2 {[%emt 0:00:43]} Kf4 {[%emt 0:01:11]} 36. Rd4+ {[%emt 0:01:00]} Ke5 {[%emt 0:00:14]} 37. Ke3 {[%emt 0:00:43]} h5 {[%emt 0:01:24]} 38. f4+ {[%emt 0:03:39]} Kf5 {[%emt 0:00:07]} 39. Rd5+ {[%emt 0:00:07]} Kf6 {[%emt 0:00:58]} 40. Rd6+ {[%emt 0:00:00]} Kf5 {[%emt 0:00:00]} 41. Rxa6 {[%emt 0:01:49]} Rc4 {[%emt 0:04:24]} 42. Ra5+ {[%emt 0:01:31]} Ke6 {[%emt 0:05:38]} 43. Re5+ {[%emt 0:01:21]} Kf6 {[%emt 0:00:04]} 44. Re4 {[%emt 0:00:07]} Rc6 {[%emt 0:01:27]} 45. a4 {[%emt 0:01:59]} Ra6 {[%emt 0:02:05]} 46. Rc4 {[%emt 0:00:49]} Re6+ $2 {[%emt 0:10:05]} (46... Kf5 {keeps fighting.} 47. Kf3 (47. Rxc3 Rxa4 48. Rc5+ Kf6 $16) 47... Ra5) 47. Kd3 {[%emt 0:01:48]} Kf5 {[%emt 0:00:06]} 48. Kxc3 {[%emt 0:00:08]} Kg4 {[%emt 0:00:56]} 49. a5 {[%emt 0:00:30]} Re3+ {[%emt 0:04:13]} 50. Kb4 {[%emt 0:00:51]} Kxh4 {[%emt 0:00:06]} 51. f5+ {[%emt 0:00:09]} Kg3 {[%emt 0:00:16]} 52. fxg6 {[%emt 0:00:57]} Re8 {[%emt 0:01:06]} 53. Rc5 {[%emt 0:03:13]} h4 {[%emt 0:00:15]} 54. Rg5+ {[%emt 0:01:17]} Kf2 {[%emt 0:03:21]} 55. g7 {[%emt 0:00:27]} Rg8 {[%emt 0:00:08]} 56. Rh5 {[%emt 0:02:21]} Kg3 {[%emt 0:01:17]} 57. Rh7 {[%emt 0:00:33]} h3 {[%emt 0:00:10]} 58. a6 {[%emt 0:00:25]} h2 {[%emt 0:00:11]} 59. a7 {[%emt 0:00:47]} Kg2 {[%emt 0:00:32]} 60. c4 {[%emt 0:00:39]} h1=Q {[%emt 0:01:12]} 61. Rxh1 {[%emt 0:00:05]} Kxh1 {[%emt 0:00:04]} 62. Kb5 {[%emt 0:00:22]} (62. c5 $142 Kh2 63. Kb5) 62... Kg2 {[%emt 0:00:11]} 63. Kb6 {[%emt 0:00:03]} Kf3 {[%emt 0:00:08]} 64. c5 {[%emt 0:00:03]} Ke4 {[%emt 0:00:21]} 65. c6 {[%emt 0:00:07]} Kd5 {[%emt 0:00:32]} 66. Kb7 {[%emt 0:00:17]} Rxg7+ {[%emt 0:00:22]} 67. c7 {[%emt 0:02:20]} Kd6 {[%emt 0:00:10]} 68. a8=Q {[%emt 0:00:12]} Rxc7+ {[%emt 0:00:04]} 69. Kb6 {[%emt 0:00:06]} Rf7 {[%emt 0:02:14]} 70. Qc6+ {[%emt 0:00:45]} Ke7 {[%emt 0:00:06]} 71. Kc5 $18 {[%emt 0:00:39]} Rf5+ {[%emt 0:00:31]} 72. Kd4 {[%emt 0:00:16]} Rf6 {[%emt 0:01:01]} 73. Qc5+ {[%emt 0:00:33]} Ke6 {[%emt 0:00:59]} 74. Qd5+ {[%emt 0:00:35]} Ke7 {[%emt 0:00:06]} 75. Ke5 {[%emt 0:00:22]} Rg6 {[%emt 0:00:36]} 76. Qb7+ {[%emt 0:00:17]} Ke8 {[%emt 0:01:33]} 77. Kf5 {[%emt 0:01:04]} Rd6 {[%emt 0:00:05]} 78. Ke5 {[%emt 0:00:44]} Rg6 {[%emt 0:00:05]} 79. Qh7 {[%emt 0:00:25]} Rb6 {[%emt 0:01:17]} 80. Qe4 {[%emt 0:02:31]} Ke7 {[%emt 0:01:27]} 81. Qd5 {[%emt 0:00:41]} Rg6 {[%emt 0:00:35]} 82. Qb7+ {[%emt 0:00:12]} Ke8 {[%emt 0:00:21]} 83. Qc8+ {[%emt 0:00:24]} Ke7 {[%emt 0:00:25]} 84. Qc7+ {[%emt 0:00:14]} Ke8 {[%emt 0:00:16]} 85. Kf5 {[%emt 0:00:06]} Rh6 {[%emt 0:01:11]} 86. Qf4 {[%emt 0:00:31]} Rc6 {[%emt 0:00:39]} 87. Qa4 {[%emt 0:00:43]} Kd7 {[%emt 0:00:12]} 88. Ke5 {[%emt 0:00:10]} Kc7 {[%emt 0:00:10]} 89. Qa7+ {[%emt 0:00:10]} Kd8 {[%emt 0:00:17]} 90. Kd5 {[%emt 0:00:21]} Rg6 {[%emt 0:00:59]} 91. Qb8+ {[%emt 0:00:47]} Kd7 {[%emt 0:00:18]} 92. Qb7+ {[%emt 0:00:10]} Ke8 {[%emt 0:00:36]} 93. Ke5 {[%emt 0:00:25]} 1/2-1/2

[Event "WYCC 2018 G18"]
[Site "Halkidiki"]
[Date "2018.10.21"]
[Round "2"]
[White "Ni Mhuireagain, Eibhia"]
[Black "Nistor, Valentina"]
[Result "1/2-1/2"]
[WhiteElo "1655"]
[BlackElo "1881"]
[Annotator "NA"]
[PlyCount "74"]
[EventDate "2018.10.20"]
[EventType "swiss"]
[EventCountry "GRE"]
[SourceTitle "playchess.com"]
[Source "ChessBase"]
[SourceQuality "1"]
[TimeControl "40/5400+30:1800+30"]

1. e4 {[%emt 0:00:00]} e5 {[%emt 0:00:00]} 2. Nf3 {[%emt 0:00:00]} Nc6 {[%emt 0:00:00]} 3. Bc4 {[%emt 0:00:00]} Bc5 {[%emt 0:00:00]} 4. c3 {[%emt 0:00:00]} Nf6 {[%emt 0:00:19]} 5. d3 {[%emt 0:00:08]} d6 {[%emt 0:00:17]} 6. b4 {[%emt 0:01:22]} Bb6 {[%emt 0:00:45]} 7. a4 {[%emt 0:01:44]} a5 {[%emt 0:03:35]} 8. b5 {[%emt 0:00:49]} Ne7 {[%emt 0:00:54]} 9. O-O {[%emt 0:17:41] LiveBook: 96 Games} O-O {[%emt 0:01:47]} 10. Qb3 {[%emt 0:07:47]} h6 {[%emt 0:05:53]} 11. Nbd2 {[%emt 0:04:54]} Ng6 {[%emt 0:04:26]} 12. d4 $11 {[%emt 0:06:10]} Qe7 {[%emt 0:13:40]} 13. Re1 {[%emt 0:03:40]} Bg4 {[%emt 0:03:45]} 14. Ba3 {[%emt 0:09:51]} Nd7 {[%emt 0:14:42]} 15. h3 {[%emt 0:03:05]} Bxf3 {[%emt 0:00:31]} 16. Nxf3 {[%emt 0:00:08]} Nh4 {[%emt 0:02:53]} 17. Nxh4 {[%emt 0:04:45]} Qxh4 {[%emt 0:01:25]} 18. Rad1 {[%emt 0:00:35]} Qf6 {[%emt 0:06:49]} 19. Bb2 {[%emt 0:05:30]} Kh8 {[%emt 0:07:40]} 20. Bd5 {[%emt 0:02:42]} Rab8 {[%emt 0:01:17]} 21. Qc2 {[%emt 0:08:07]} Qg6 {[%emt 0:05:39]} 22. Qe2 {[%emt 0:04:31]} Nf6 {[%emt 0:03:26]} 23. dxe5 {[%emt 0:04:07]} dxe5 {[%emt 0:00:30]} 24. c4 {[%emt 0:03:29]} Bc5 {[%emt 0:01:58]} 25. Bxe5 {[%emt 0:01:31]} Bb4 {[%emt 0:06:30]} 26. Rf1 {[%emt 0:00:26]} Ne8 {[%emt 0:02:54]} 27. Qf3 {[%emt 0:01:06]} Nd6 {[%emt 0:03:27]} 28. Rc1 {[%emt 0:02:54]} Bc5 {[%emt 0:02:23]} 29. Bc3 {[%emt 0:01:06]} b6 {[%emt 0:02:18]} 30. Rfd1 {[%emt 0:02:33]} f5 {[%emt 0:02:20]} 31. e5 {[%emt 0:01:09]} Ne4 {[%emt 0:00:14]} 32. Bd4 {[%emt 0:01:03]} Rbe8 {[%emt 0:01:13]} 33. e6 {[%emt 0:01:26]} Ng5 {[%emt 0:00:51]} 34. Qg3 {[%emt 0:00:35]} Bd6 {[%emt 0:01:02]} 35. Be5 {[%emt 0:01:04]} f4 {[%emt 0:00:44]} 36. Qc3 {[%emt 0:00:57]} Nxh3+ {[%emt 0:00:47]} 37. Qxh3 {[%emt 0:00:33]} Bxe5 {[%emt 0:00:04]} 1/2-1/2

[Event "WYCC 2018 G18"]
[Site "Halkidiki"]
[Date "2018.10.21"]
[Round "2"]
[White "Salas Estrada, Ana Valeria"]
[Black "Garcia Martin, Marta"]
[Result "0-1"]
[WhiteElo "1593"]
[BlackElo "2329"]
[Annotator "TA"]
[PlyCount "166"]
[EventDate "2018.10.20"]
[EventType "swiss"]
[EventCountry "GRE"]
[SourceTitle "playchess.com"]
[Source "ChessBase"]
[SourceQuality "1"]

{[%evp 18,166,18,0,16,0,1,-17,4,-12,22,23,25,4,15,0,16,20,16,23,20,-1,-6,-23,5,4,3,8,8,3,14,0,47,-35,-48,-50,-45,-24,22,-110,-112,-123,0,27,85,83,60,80,75,14,25,6,36,8,37,39,96,44,120,52,214,0,57,0,28,18,25,15,19,0,0,-34,0,-248,-229,-218,-218,-572,-529,-631,-174,-193,-163,-211,0,-435,-432,-385,-356,-429,-438,-435,-437,-434,-429,-418,-427,-421,-422,-407,-208,-199,-208,-195,-163,-455,-477,-508,-493,-611,-611,-595,-585,-585,-556,-2406,-2206,-1645,-1112,-5081,-4175,-10628,-9148,-29975,-29976,-29976,-29977,-29977,-29978,-29978,-29979,-29979,-29980,-29980,-29981,-29981,-29982,-29982,-29983,-29983,-29983,-29983,-29984,-29984,-29985,-29986,-29987,-29989,-29990,-29991,-29990]} 1. e4 c5 2. Nf3 e6 3. d3 Nc6 4. g3 Nf6 5. Bg2 Be7 6. O-O O-O 7. Re1 d6 8. c3 Bd7 9. Nbd2 Qc7 10. Nf1 {LiveBook: 3 Games. B30: Sicilian: 2...Nc6 3 Bb5, lines without ...g6} Rac8 (10... Ne5 11. Nh4 Ng6 12. Nxg6 hxg6 13. d4 cxd4 14. cxd4 e5 15. Ne3 Rac8 16. a4 Qb6 17. d5 Qd4 {0-1 (44) Ter Sahakyan,S (2601)-Vitiugov,N (2725) Baku 2015}) 11. h3 b5 12. Bd2 $146 {The position is equal.} ({Predecessor:} 12. N3h2 d5 13. f4 c4 14. e5 Ne8 15. d4 f5 16. Ne3 Rd8 17. g4 g6 {1-0 (38) Arnold,L (2379)-Beck,F (2327) Germany 2008}) 12... Qb6 13. g4 {[%cal Bg3g4,Bg4g5][%mdl 32]} Ne5 14. Nxe5 dxe5 15. g5 Ne8 16. Qh5 g6 17. Qh4 f6 18. Nh2 Qd8 {[%cal Rf6g5]} 19. gxf6 Bxf6 20. Qg4 Bg7 21. Bg5 Nf6 22. Qh4 {Hoping for Ng4.} Qc7 23. Ng4 Nh5 24. Re3 Nf4 25. Bf6 (25. Bh6 $14) 25... h5 26. Bxg7 Kxg7 27. Nh2 Rf6 28. Rae1 (28. Qg5 $11 {keeps the balance.}) 28... g5 $1 $17 {[%cal Rg5h4]} 29. Qg3 Be8 (29... Rg6 $17 30. a3 Rg8) 30. Nf3 $11 h4 (30... Rg6 $11 {remains equal.}) 31. Nxh4 $1 $16 Kh6 {aiming for ...Nh5.} 32. Nf3 $36 {[%mdl 2048] White is in control.} Rg6 33. Nh2 (33. d4 $16) 33... Kg7 34. Ng4 Bf7 35. Rd1 Rd8 36. Ree1 Kg8 ({Black should try} 36... Kh8 $14) 37. Bf1 (37. Qe3 $16) 37... Kf8 (37... Rg7 $14) 38. Rc1 (38. b4 $16) 38... Qb8 $2 (38... Rg7 $1 $14) 39. Rcd1 $2 (39. Qe3 $18) 39... Rg7 (39... Qc7 $11) 40. Nf6 ({White should play} 40. Rb1 $14) 40... Bh5 (40... Ke7 $5 {[%cal Re7f6]} 41. Ng4 Bh5 $11) 41. Nxh5 Nxh5 42. Qe3 Qd6 43. Qf3+ Nf4 44. Rd2 Ke7 {[%mdl 1024] Black has compensation.} (44... g4 $5 45. hxg4 Qe7 $11) 45. Red1 $2 {[#]} (45. Qg4 $11) 45... g4 $1 $19 {[%cal Rg4f3][%mdl 512]} 46. Qg3 (46. hxg4 Rdg8) 46... Rdg8 47. Qh4+ $2 (47. h4 {is tougher.} Nh5 48. Qe3) 47... Kf7 48. Kh2 {intending d4.} Qb8 $2 (48... gxh3 49. Be2 Rg5) 49. d4 Rh8 50. Qg3 {[#] And now dxe5 would win.} Nxh3 $2 ({And not} 50... gxh3 51. Qf3 $11) (50... cxd4 $1 $19 51. cxd4 Nxh3 52. dxe5 Nxf2+ 53. Kg2 Nxd1 54. Qf4+ Kg8) 51. Qxe5 $2 {[%mdl 8192]} (51. dxe5 $11 {and White stays safe.} Nxf2+ 52. Kg1 Nxd1 53. Qf4+ Kg8 54. Qf6) 51... Qxe5+ 52. dxe5 Nxf2+ $1 53. Kg3 Nxe4+ (53... Nxd1 $2 54. Rxd1 c4 55. Rd7+ Kg6 56. Rd6 $19) 54. Kf4 Nxd2 55. Rxd2 {[%mdl 4096] Endgame KRR-KRB} Ke7 56. Bxb5 {Rd7+ is the strong threat.} Rf8+ 57. Kg3 {Strongly threatening Rd7+.} Rf3+ 58. Kg2 Rf5 (58... Re3 $142 59. Rd7+ Kf8 60. Rd8+ Kf7 61. Be8+ Ke7 62. Rd7+ Kf8) 59. Rd7+ Kf8 {White must now prevent ...Rxd7.} 60. Rd8+ Kf7 61. Rd7+ $2 (61. Ra8) 61... Kg6 62. Rxg7+ Kxg7 {KR-KB} 63. Kg3 Rxe5 64. Kxg4 Rf5 65. Kg3 e5 {[%cal Be6e5,Be5e4,Be4e3][%mdl 32]} 66. a4 e4 67. Be2 Kf6 68. Kg2 Ke5 69. Bc4 e3 70. Bd3 Rf2+ {Black mates.} 71. Kg3 Rxb2 72. Kf3 Rb3 73. Kxe3 Rxc3 74. Kd2 Rxd3+ 75. Kxd3 {KPP-KP} Kd5 76. a5 a6 77. Kc3 c4 {[%cal Bc5c4,Bc4c3][%mdl 32]} 78. Kc2 Kd4 79. Kd2 Kc5 80. Kc3 Kb5 81. Kd4 Kb4 82. Kd5 c3 83. Kc6 Kxa5 {Precision: White = 24%, Black = 46%.} 0-1